LEADER 01276nam a22002891i 4500 001 991000288449707536 005 20040805160905.0 008 040920s1999 it |||||||||||||||||ita 035 $ab13200677-39ule_inst 035 $aARCHE-114691$9ExL 040 $aSet. Economia$bita$cA.t.i. Arché s.c.r.l. Pandora Sicilia s.r.l. 082 04$a338.6420 245 03$aLa successione d'impresa nei distretti industriali :$bil caso Lumezzane /$ca cura di Agenzia Lumetel ; testi di Paolo Benazzo ... [et al.] ; presentazione di Luca Paolazzi ; introduzione di Luciano Consolati 260 $aMilano :$bEdizioni del Sole 24 Ore,$c1999 300 $aXVI, 132 p. ;$c24 cm 440 0$aStudi 650 4$aPiccole e medie imprese$xProprietà$xTrasferimento$xDistretti industriali$xStudi di caso : Lumezzane 700 1 $aBenazzo, Paolo 700 1 $aPaolazzi, Luca 700 1 $aConsolati, Luciano 710 2 $aAgenzia Lumetel 907 $a.b13200677$b02-04-14$c23-09-04 912 $a991000288449707536 945 $aLE025 ECO 338.6 BEN01.01$g1$i2025000183049$lle025$n2008$o-$pE17.56$q-$rl$s- $t0$u3$v0$w3$x0$y.i13854896$z23-09-04 996 $aSuccessione d'impresa nei distretti industriali$91103334 997 $aUNISALENTO 998 $ale025$b23-09-04$cm$da $e-$fita$git $h3$i1